Random trivia! Quiz Stats

 Plays Quiz not verified by Sporcle

Challenge
Share
Tweet
Embed
Score 0/15 Timer 10:00
0 Plays Today
questions answers % Correct
the show friends lasted for how many seasons?10
81.6%
an apple is 60% what?water
78.9%
supermans real name isclark kent
78.9%
greenland is owned by what country?denmark
65.8%
what is the only mammal that cant jump?elephant
63.2%
how many countries of the world start with the letter 'b'?17
57.9%
athena was the goddess of what?wisdom
44.7%
time magazine was founded in what year?1923
18.4%
questions answers % Correct
how many species of elephants are there?2
18.4%
how many ridges are there on a dime?118
13.2%
how many ridges are on a quarter?119
13.2%
harry potters birthday is?july 31st
13.2%
lady gaga's real name is?Stephanie Germanotta
10.5%
the almond is a part of what family?the peach family
7.9%
maracas originated in what country?venezuela
5.3%

You're not logged in!

Compare scores with friends on all Sporcle quizzes.
OR
Log In

You Might Also Like...

Show Comments

Extras

Created Jul 16, 2012ReportNominate

Top Quizzes Today


Score Distribution

Your Account Isn't Verified!

In order to create a playlist on Sporcle, you need to verify the email address you used during registration. Go to your Sporcle Settings to finish the process.

Report this User

Report this user for behavior that violates our Community Guidelines.

Details: